000 00964nam a22002537a 4500
999 _c4569
_d4569
003 AR-CdUCM
008 190311b ||||| |||| 00| 0 spa d
020 _a84-281-0303-8
040 _aMUNICIPALIDAD PROVINCIAL DEL CUSCO
_cBIBLIOTECA MUNICIPAL DEL CUSCO
041 _hfre
082 _a910.63 /
_bD87
100 _aDollfus, Olivier
_914283
245 _aEl espacio geográfico /
260 _aBarcelona :
_bEdiciones Oikos-Tau,
_c1976.
300 _a124 páginas ;
_c17 cm.
440 _aColección ¿qué sé? nueva serie.
_n111
_914284
505 _aContenido: Los caracteres del espacio geográfico -- El hombre y el espacio geográfico -- El hombre y el medio -- El significado de las densidades -- Espacio rural y espacio urbano ...
650 _aEcología humana
_914285
650 _aGeografía humana
_97621
650 _aInfluencia de las ciudades
_914286
700 _aBas, Damiá de (traducción)
_914287
942 _2ddc
_cLIBROS
945 _aachl